000 00616cam a2200205 a 4500
020 _a039474750X (pbk.) :
040 _cDLC
082 0 0 _a333 VIN 1983 A010 Or.
245 0 0 _aEnergy future :
_breport of the energy project at the Harvard Business School /
250 _aNew rev. 3rd ed.
260 _aNew York :
_bVintage Books,
_c1983, c1980.
300 _axii, 459 p. ;
_c21 cm.
500 _a"First Vintage Books edition"--Verso t.p.
650 0 _aEnergy policy
650 0 _aPower resources
700 1 _aStobaugh, Robert B.
700 1 _aYergin, Daniel.
710 2 _aHarvard University.
942 _cEK
999 _c13812
_d13812